Statistics for Every Country to have hosted the African Cup of Nations

Click here to take the quiz!

General Stats

  • This quiz has been taken 85 times
    (36 since last reset)
  • The average score is 36 of 39

Answer Stats

YearHost% Correct
1990Algeria
100%
1986Egypt
100%
1959Egypt
100%
2019Egypt
100%
1968Egypt
100%
1974Egypt
100%
2025Morocco
100%
1988Morocco
100%
2000Nigeria
100%
1980Nigeria
100%
1996South Africa
100%
2013South Africa
100%
1994Tunisia
100%
2004Tunisia
100%
1978Ghana
97%
2008Ghana
97%
2000Ghana
97%
2002Mali
97%
2010Angola
94%
1984Ivory Coast
94%
2023Ivory Coast
94%
1982Libya
94%
1992Senegal
94%
1957Sudan
94%
1963Sudan
94%
2027Kenya
91%
1998Burkina Faso
88%
1972Cameroon
88%
1965Cameroon
88%
2021Cameroon
88%
1976Ethiopia
88%
1970Ethiopia
88%
1962Ethiopia
88%
2027Tanzania
88%
2027Uganda
88%
2012Gabon
82%
2017Gabon
82%
2012Equatorial Guinea
67%
2015Equatorial Guinea
67%

Score Distribution

Percentile by Number Answered

Percent of People with Each Score

Your Score History

You have not taken this quiz since the last reset